00754nam a2200169Ia 4500008004100000020002200041041001200063100002200075245002600097260003200123440003800155650015500193650002100348942000700369999001900376952018900395231221s9999 xx 000 0 und d a978-3-540-32075-3 aEnglish aPierre Fraigniaud 0aDistributed Computing c2005bSpringer USaNew York aLecture Notes in Computer Science aComputer Communication Networks; Algorithm Analysis and Problem Complexity; Programming Techniques; Computation by Abstract Devices; Operating Systems aComputer Science cEB c221180d221180 r2024-01-26 00:00:00l0pEB3330h3724uhttp://link.springer.com/openurl?genre=book&isbn=978-3-540-29163-3w2024-01-26yEB1040708CL00aMLbMLcCLd0000-00-00ECSK13981GRSF1V0W0